00399nam a2200121Ia 4500003000400000005001700004008004100021040001800062041000800080100004800088245010600136260003500242Ost20260119105924.0211028s2013 xx 000 0 und d cAIMIT LIBRARY aeng aAnchan, Mithali K; James, Justine.g1116091 aComparative analysis of marketing strategies of hyundai with maruti suzuki in the city of Mangalore / aMangalorebJustine Jamesc2013